000 00631 a2200193 4500
999 _c183370
_d183370
005 20211223154700.0
010 _aENG-130562
020 _a978-0-19-013048-0
_c1595.00
035 _aEN-114094
037 _bDBAD/PUB
082 _a934
_b1
100 _aLahiri, Nayanjot
245 _aArchaeology and the Public Purpose:
_bWritings on and by M.N Deshpande/
_cNayanjot Lahiri
250 _a2021
260 _aNew Delhi
_bOxford University Press
_c2020
270 _a22 Workspace, 2nd Floor, 1/22 Asaf Ali Road
_bNew Delhi
_e110002
300 _axii,335 p.
_c22cm (hbk)
_bIndex
942 _adpl
_cEN
_2ddc
_h934
_mLAH